| 000 | 00565nam a22001577a 4500 | ||
|---|---|---|---|
| 005 | 20241108132713.0 | ||
| 008 | 241108b |||||||| |||| 00| 0 eng d | ||
| 020 | _a9789350351901 | ||
| 100 | _aBarowalia J.N. | ||
| 245 |
_aCommentary on the Consumer Protection Act. _cForwarded by Justice Ashok Bahn, President, National Consumer Disputes Redressal Commission |
||
| 250 | _aFifth Edition | ||
| 260 |
_aNew Delhi, India _bUniversal Law Publishing Co. Ltd. _c2012 |
||
| 300 |
_alxxxiii, 1361 pages _c25 cm |
||
| 650 |
_2Consumer Protection _xIndia |
||
| 942 |
_2lcc _cBK _n0 |
||
| 999 |
_c881 _d881 |
||